Normal view
MARC view
Entry Personal Name
001 - CONTROL NUMBER
- control field: 12885
003 - CONTROL NUMBER IDENTIFIER
- control field: ARRUPE
005 - DATE AND TIME OF LATEST TRANSACTION
- control field: 20141126151250.0
008 - FIXED-LENGTH DATA ELEMENTS
- fixed length control field: 141126|| aca||aabn | a|a d
040 ## - CATALOGING SOURCE
- Original cataloging agency: ARRUPE
- Transcribing agency: ARRUPE
100 ## - HEADING--PERSONAL NAME
- Personal name: Barth, Karl,
- Dates associated with a name: 1886-1968.
670 ## - SOURCE DATA FOUND
- Source citation: Work cat.: (ARRUPE)0: Barth, Karl, 1886-1968., The church and the war,, 1944.